| 000 | 01024nam a2200253 a 4500 | ||
|---|---|---|---|
| 001 | 000599785 | ||
| 003 | AM-YeHGA | ||
| 005 | 20250618073550.0 | ||
| 008 | 080918s1983 ai 000 0 arm d | ||
| 040 | _aAM-YeHGA | ||
| 041 | 0 | _aarm | |
| 041 | 1 |
_arus _harm |
|
| 080 | _a78.089.82 | ||
| 245 | 0 | 0 |
_aՔաղաքամայր իմ Երևան = _bСтолица моя Ереван _h[Նոտա]/ _cԿազմող՝ Ռ.Բ. Ամիրխանյան. |
| 246 | 1 | 5 | _aСтолица моя Ереван |
| 260 |
_aԵրևան : _bՍովետական գրող, _c1983. |
||
| 300 |
_a79 էջ : _bնոտա ; _c26 սմ. |
||
| 650 | 1 | 4 | _aԵրգեցողական ստեղծագործություններ |
| 650 | 1 | 4 | _aՍտեղծագործությունների թեմատիկ ժողովածուներ տարբեր կատարումների համար |
| 650 | 1 | 4 |
_aԵրգեր _zԵրևան |
| 653 | 0 | _aԵրևանը երգերում | |
| 700 | 1 |
_aԱմիրխանյան, Ռոբերտ Բաբկենի, _d1939- _eկազմ. _4com _93456 |
|
| 090 | _c249003 | ||
| 999 |
_c247413 _d247413 |
||